000 00670nam a2200265Ia 4500
005 20260121171203.0
008 008 260114s9999 xx 000 0 eng d
020 _a9789811023507
037 _aEBOOK
040 _aCRL
040 _beng
040 _cCRL
041 _2eng
041 _aeng
084 _qCRL
100 _aMarc H.M. Hermans, Tan Chay-Hoon, Edmond Pi
_91073112
245 0 _aEducation about Mental Health and Illness
260 _bSpringer
260 _bSpringer
260 _c2019
856 _uhttps://link.springer.com/openurl?genre=book&isbn=978-981-10-2350-7
942 _cEBOOK
999 _c1638842
_d1638842